LIBRARY & INFORMATION CENTRE, KCAET, TAVANUR

ONLINE PUBLIC ACCESS CATALOGUE (OPAC)

Method of test for soils part-9 determination of dry density moisture content relation / (Record no. 9933)

MARC details
000 -LEADER
fixed length control field 00960cam a2200145ua 4500
041 ## - LANGUAGE CODE
Language code of text/sound track or separate title eng
082 ## - DEWEY DECIMAL CLASSIFICATION NUMBER
Classification number 624.131
Item number IND/ME
245 00 - TITLE STATEMENT
Title Method of test for soils part-9 determination of dry density moisture content relation /
260 ## - PUBLICATION, DISTRIBUTION, ETC. (IMPRINT)
Place of publication New Delhi :
Name of publisher Indian standards institution ,
Year of publication 1979.
300 ## - PHYSICAL DESCRIPTION
Number of Pages 7 ; .
942 ## - ADDED ENTRY ELEMENTS (KOHA)
Koha item type Books
Holdings
Withdrawn status Lost status Damaged status Home library Current library Date acquired Full call number Accession Number Koha item type
      KAUAET KAUAET 07/04/2012 624.131 17479 Standards
free website counter